000 01702cam a22004454i 4500
003 PE-LiUPU
005 20250731165409.0
008 151019s2009 pe grm 000 0 spa d
035 _a(Sirsi) a154923
040 _aPE-LiUPU
_bspa
_cPE-LiUPU
_erda
099 _aTEF 2
_bB35 2009
100 1 _aBeltrán Huayta, Jeaneth
_eautor
245 1 _aDesarrollo psicomotor y su relación con el estado nutricional en los niños de 6 a 24 meses del proyecto Ally Micuy de Adra en Huari, Ancash, 2009 /
_cJeaneth Beltrán Huayta.
264 0 _c2009.
300 _a135 hojas
_c30 cm
336 _atext
_2rdacontent
337 _aunmediated
_2rdamedia
338 _avolume
_2rdacarrier
502 _aTesis
_b(Lic.) --
_cUniversidad Peruana Unión,
_d2009.
504 _aIncluye referencias
520 3 _aEl objetivo del presente trabajo de investigación fue determinar la relación que existe entre el desarrollo psicomotor y el estado nutricional en los niños de 6 a 24 meses del proyecto Ally de ADRA en Huari, Ancash, 2009. La metodología corresponde al diseño no experimental, tipo descriptivo correlacional y corte transversal.
526 _aSEG44
526 _aSEG26
526 _aP151
526 _aP150
526 _aP149
526 _aP146
526 _aP145
526 _aP126
526 _aP125
526 _aP92
526 _aP75
526 _aP74
526 _aP27
526 _aP15
650 0 4 _aDesarrollo psicomotor
_xNutrición,
_xPrograma
_x Huari-Ancash.
596 _a1
942 _2ddc
_cTESIS
999 _aTEF 2 B35 2009
_wALPHANUM
_c7616
_iT01160
_lCCODEBUL3
_mBUL
_r1
_sY
_tTESIS
_u2015-10-19
_xSALUD
_PP22
_o.STAFF. Tesis
_d7616
980 _81
_gALBERTO SANCHEZ Responsable de Automatización